Normal view
MARC view
- Anam ul Haq Javeed
Entry Personal Name
001 - CONTROL NUMBER
- control field: 16669
003 - CONTROL NUMBER IDENTIFIER
- control field: NUST
005 - DATE AND TIME OF LATEST TRANSACTION
- control field: 20190704061221.0
008 - FIXED-LENGTH DATA ELEMENTS
- fixed length control field: 190704|| aca||aabn | a|a d
040 ## - CATALOGING SOURCE
- Original cataloging agency: NUST
- Transcribing agency: NUST
100 ## - HEADING--PERSONAL NAME
- Personal name: Anam ul Haq Javeed
670 ## - SOURCE DATA FOUND
- Source citation: Work cat.: (NUST): Anam ul Haq Javeed, Tanqidi o tehqiqi mazameen /, 2017.
